000 00293nam a2200145Ia 4500
100 _aAlexeyev/V
650 _aChemistry
942 _cBK
654 _aAnalysis
245 _aQuantitative Analysis
260 _bMir Publishers
_c2001
082 _a545
300 _a519
546 _aENGLISH
999 _c18931
_d18931